[Event "Guillermo Garcia Memorial U16 op 29th"]
[Site "Santa Clara"]
[Date "2022.05.08"]
[Round "7"]
[White "Santana Ovalle, Lauren Sofia"]
[Black "Santos Guia, Maria Fernanda"]
[Result "1-0"]
[WhiteElo "1473"]
[BlackElo "1346"]
[PlyCount "81"]
[EventDate "2022.05.02"]
[EventType "swiss"]
[EventRounds "7"]
[EventCountry "CUB"]
[SourceTitle "EXT 2023"]
[Source "ChessBase"]
[SourceDate "2022.10.05"]
[SourceVersion "1"]
[SourceVersionDate "2022.10.05"]
[SourceQuality "1"]

1. e4 c5 2. Nf3 d6 3. d4 cxd4 4. Nxd4 Nf6 5. Nc3 g6 6. f3 Bg7 7. Be3 0-0 8. Qd2 Nc6 9. 0-0-0 d5 10. Nxc6 bxc6 11. exd5 Nxd5 12. Nxd5 cxd5 13. Qxd5 Rb8 14. b3 Qc7 15. Qc5 Qxc5 16. Bxc5 Bf5 17. Bxe7 Rfc8 18. Bd3 Bxd3 19. Rxd3 Rb7 20. Rd8+ Rxd8 21. Bxd8 Rd7 22. Bg5 f6 23. Bd2 Kf7 24. Rd1 Re7 25. Re1 Rd7 26. Re4 f5 27. Re2 Bd4 28. c4 Bc5 29. b4 Bd6 30. g3 Rc7 31. c5 a6 32. Kb2 Be7 33. Bf4 Rb7 34. Kc3 a5 35. a3 Bd8 36. Kc4 g5 37. Bd6 h5 38. c6 Rb6 39. b5 g4 40. f4 Kf6 41. Re8 1-0

[Event "Guillermo Garcia Memorial U16 op 29th"]
[Site "Santa Clara"]
[Date "2022.05.06"]
[Round "5"]
[White "Almaguel Mendez, Adrian Jesus"]
[Black "Santana Ovalle, Lauren Sofia"]
[Result "1-0"]
[WhiteElo "1768"]
[BlackElo "1473"]
[PlyCount "53"]
[EventDate "2022.05.02"]
[EventType "swiss"]
[EventRounds "7"]
[EventCountry "CUB"]
[SourceTitle "EXT 2023"]
[Source "ChessBase"]
[SourceDate "2022.10.05"]
[SourceVersion "1"]
[SourceVersionDate "2022.10.05"]
[SourceQuality "1"]

1. e4 c5 2. Nf3 d6 3. d4 cxd4 4. Nxd4 Nf6 5. Nc3 a6 6. Bg5 e6 7. f4 Be7 8. Qf3 Qc7 9. 0-0-0 Nbd7 10. g4 b5 11. Bxf6 Nxf6 12. g5 Nd7 13. f5 Ne5 14. Qg3 b4 15. Nce2 Nc6 16. fxe6 fxe6 17. Bh3 Nxd4 18. Nxd4 Qc5 19. Rhg1 e5 20. Ne6 Qc4 21. Nxg7+ Kf7 22. g6+ Kxg7 23. gxh7+ Kf8 24. Qg7+ Ke8 25. Qxh8+ Bf8 26. Qxf8+ Kxf8 27. h8Q+ 1-0